| 000 | 00751nam a2200205 4500 | ||
|---|---|---|---|
| 008 | 030704s2004 ne eng | ||
| 020 | _a9004122672 :EUR187.00 | ||
| 090 |
_aDE5 _bN42c |
||
| 245 | 1 | 0 |
_aBrill's New Pauly : _bencyclopedia of the ancient world / _cedited by Hubert Cancik and Helmuth Schneider. |
| 260 |
_aLeiden : _bE. J. Brill, _cc2004. |
||
| 300 |
_axviii, 1202 p. : _bills., maps. |
||
| 500 | _aOriginally published in German as DER NEUE PAULY | ||
| 505 | 0 | _avol. IV : CYR-EPY | |
| 650 | 4 |
_aCivilization, Classical _xEncyclopedias. |
|
| 650 | 4 | _aClassical dictionaries. | |
| 700 | 1 | _aCancik, Hubert | |
| 700 | 1 | _aSchneider, Helmuth | |
| 951 |
_p27241 _x00030000 _oDE5/N42c _j070613111404031 _d2000-12-21 _cREF |
||
| 999 |
_c20467 _d20467 |
||